000 00569nam a2200229Ia 4500
003 OSt
005 20221005114331.0
006 a|||||r|||| 00| 0
007 ta
008 221004b |||||||| |||| 00| 0 tam d
024 _a48845
037 _cTextual
040 _aCRL
_cCRL
_btam
041 _2tam
_atam
082 _aO31,1N35x, M44
100 _aSeturaman
_9625399
245 0 _aArjahkam kanda Tamil ch surjhagan
260 _c1984
300 _a88
_ccm.
942 _hO31,1N35x, M44
_cTEXL
_2cc
999 _c1030990
_d1030990